000
00211nam a2200085Ia 4500
008
120527s9999 xx 000 0 und d
100
_a
Case & Johnson
245
_a
Laboratory experience in microbilogy
942
_c
BK
999
_c
27332
_d
27332